[Event "Challenge"]
[Site "http://www.queenalice.com/game.php?id=80634"]
[Date "2006.6.27"]
[Round "-"]
[White "Alan"]
[Black "fabianomiranda77"]
[Result "1-0"]
[WhiteElo "1614"]
[BlackElo "1552"]

1. e4 e5 2. f4 d6 3. Nf3 Nf6 4. Nc3 Nc6 5. Bc4 Be6 6. Bxe6 fxe6 7. d3 h5 8. Be3
a5 9. Qd2 Ra6 10. Ng5 Qd7 11. h3 Rb6 12. Bxb6 cxb6 13. Na4 d5 14. Nxb6 Qc7 15.
Na4 exf4 16. Nxe6 Qf7 17. Nxf4 Bb4 18. c3 Bd6 19. exd5 Ne5 20. Ne6 Nxd5 21. Ng5
Qf6 22. Rf1 Qd8 23. d4 Nc4 24. Qe2+ Kd7 25. Rf7+ Ne7 26. Qe6+ Ke8 27. Qxc4 Qc8
28. Qxc8+ Nxc8 29. Rxg7 Bf8 30. Rxb7 Rg8 31. h4 Rg7 32. Rb8 Kd8 33. Ne6+ Kd7 34.
Nxg7 Be7 35. Rxc8 Kxc8 36. O-O-O Bxh4 37. Rf1 Bg5+ 38. Kc2 h4 39. Ne6 Bf6 40.
Nac5 Be7 41. Rf7 Bd8 42. Rf8 Kb8 43. Rxd8+ Ka7 44. Rd7+ Kb6 45. d5 Kb5 46. b3 a4
47. Rb7+ Ka5 48. b4# 1-0

[Event "Challenge"]
[Site "http://www.queenalice.com/game.php?id=81928"]
[Date "2006.7.2"]
[Round "-"]
[White "scaravelho"]
[Black "fabianomiranda77"]
[Result "0-1"]
[WhiteElo "1492"]
[BlackElo "1484"]

1. Nf3 d5 2. d3 e5 3. Nxe5 Nc6 4. Nxc6 bxc6 5. e4 Nh6 6. b3 Bg4 7. f3 Bh5 8. g4
Bg6 9. exd5 Qe7+ 10. Be2 Qb4+ 11. c3 Qe7 12. Na3 Qh4+ 13. Kd2 Qg5+ 0-1

[Event "Challenge"]
[Site "http://www.queenalice.com/game.php?id=81931"]
[Date "2006.7.3"]
[Round "-"]
[White "fabianomiranda77"]
[Black "Samara"]
[Result "1-0"]
[WhiteElo "1331"]
[BlackElo "1030"]

1. e4 e5 2. d3 Bb4+ 3. c3 Ba5 4. Qa4 b6 5. Na3 Qe7 6. Qc4 Nf6 7. Qxc7 Nc6 8. b4
h5 9. bxa5 Rb8 10. Nb5 Rb7 11. Qxc8+ Nd8 12. Ba3 Qe6 13. Nc7+ Rxc7 14. Qxc7 bxa5
15. Qxa7 Rf8 16. Bxf8 Kxf8 17. Rb1 Qxa2 18. Rd1 Nc6 19. Qa8+ Ke7 20. Nf3 a4 21.
Ng5 a3 22. Rd2 Qa1+ 23. Ke2 Ng4 24. g3 f6 25. Nh7 Na5 26. Qxa5 g6 27. f3 Nh6 28.
Qa8 Qxc3 29. Qf8+ Ke6 30. Nxf6 d6 31. Nd5 g5 32. Bh3+ g4 33. fxg4 hxg4 34. Nxc3
d5 35. exd5+ Kd7 36. Rf1 Kc7 37. d6+ Kd7 38. Rf7+ Nxf7 39. Bxg4+ Kc6 40. Qxf7
Kxd6 41. Qe6+ Kc5 42. Qd5+ Kb4 43. Qc4+ Ka5 44. Qb5# 1-0

[Event "Challenge"]
[Site "http://www.queenalice.com/game.php?id=82084"]
[Date "2006.7.3"]
[Round "-"]
[White "Cyrilou"]
[Black "fabianomiranda77"]
[Result "0-1"]
[WhiteElo "1388"]
[BlackElo "1552"]

1. e4 e5 2. Nf3 d6 3. Nc3 Nf6 4. Nd5 Nxe4 5. d3 c6 6. dxe4 cxd5 7. exd5 Qa5+ 8.
Bd2 Qxd5 9. c4 Qe4+ 10. Qe2 Qc2 11. Rc1 Qxb2 12. Kd1 Qxa2 13. Nd4 Be7 14. g3
exd4 15. Bb4 Qb3+ 16. Rc2 Qxb4 17. Qe4 f5 18. Qxd4 Nc6 19. Qxg7 Bf8 20. Qxh8
Qb1+ 21. Rc1 Qe4 22. Qxh7 Qxh1 23. Ke1 Nd4 0-1

[Event "vamos"]
[Site "http://www.queenalice.com/game.php?id=84499"]
[Date "2006.7.10"]
[Round "-"]
[White "kerllincarla"]
[Black "fabianomiranda77"]
[Result "0-1"]
[WhiteElo "1189"]
[BlackElo "1388"]

1. Nf3 d5 2. Ne5 f6 3. Ng4 Bxg4 4. h3 Bf5 5. g4 Be4 6. Rg1 e5 7. Rg3 Nc6 8. Re3
f5 9. gxf5 d4 10. Rxe4 g6 11. fxg6 hxg6 12. h4 Qd5 13. Rg4 Nh6 14. Rxg6 Kf7 15.
Rg5 Qh1 16. a4 Qxh4 17. Rg1 Rg8 18. Rxg8 Kxg8 19. b3 Ng4 20. a5 Qh2 21. a6 Nd8
22. axb7 Nxb7 23. Ra6 Nxf2 24. Rg6+ Kh7 25. Rf6 Nxd1 26. Rf7+ Kg8 27. Rxc7 Rb8
28. Kxd1 Qf2 29. c3 Qxf1+ 30. Kc2 Na5 31. Rxa7 Nb7 32. cxd4 Nd6 33. dxe5 Rc8+
34. Kd3 Qf5+ 35. e4 Qxe4# 0-1

[Event "Challenge"]
[Site "http://www.queenalice.com/game.php?id=88476"]
[Date "2006.7.22"]
[Round "-"]
[White "t"]
[Black "fabianomiranda77"]
[Result "1-0"]
[WhiteElo "1450"]
[BlackElo "1719"]

1. d4 d5 2. c4 c6 3. Nc3 Nf6 4. Nf3 dxc4 5. a4 a5 6. e4 g5 7. Bxg5 Nh5 8. Bxc4
Nd7 9. e5 f6 10. Nd2 fxg5 11. Qxh5# 1-0

[Event "Challenge"]
[Site "http://www.queenalice.com/game.php?id=89610"]
[Date "2006.7.26"]
[Round "-"]
[White "hollis1us"]
[Black "fabianomiranda77"]
[Result "1-0"]
[WhiteElo "1495"]
[BlackElo "1373"]

1. e4 e5 2. Nf3 Nf6 3. Nxe5 d6 4. Nf3 Nxe4 5. Qe2 d5 6. d3 Qe7 7. dxe4 Qb4+ 8.
Bd2 Qxb2 9. exd5+ Be7 10. Bc3 Qc1+ 11. Qd1 Ba3 12. Qxc1 Bxc1 13. Bxg7 Rg8 14.
Bc3 Bf5 15. Nd4 Be4 16. Bb5+ c6 17. dxc6 bxc6 18. Bf1 Bf4 19. f3 Bxc2 20. Nxc2
Nd7 21. Bd2 Be5 22. Bc3 Rb8 23. Ne3 Bf4 24. Nc4 Nc5 25. Be5 Bxe5 26. Nxe5 Rb2
27. Nxc6 Nd3+ 28. Bxd3 Rbxg2 29. Bxh7 Kf8 30. Bxg8 Kxg8 31. Nd2 a6 32. O-O-O Rg5
33. Rhg1 f6 34. Rxg5+ fxg5 35. Ne4 Kf7 36. Nxg5+ Kf6 37. Ne4+ Kf5 38. Nd4+ Kf4
39. h4 Ke5 40. h5 Kd5 41. h6 Kc4 42. h7 Kb4 43. h8=R a5 44. Kb2 a4 45. a3+ Kc4
46. Kc2 Kd5 47. Kc3 Ke5 48. Ra8 Kf4 49. Rxa4 Ke3 50. Rb4 Kf4 51. a4 Ke5 52. Rh1
Kf4 53. Kd3 Ke5 54. Rh4 Kd5 55. Rh5# 1-0

[Event "Challenge"]
[Site "http://www.queenalice.com/game.php?id=90710"]
[Date "2006.7.30"]
[Round "-"]
[White "fabianomiranda77"]
[Black "hollis1us"]
[Result "0-1"]
[WhiteElo "1445"]
[BlackElo "1465"]

1. e4 e5 2. Nf3 d6 3. Nc3 Nf6 4. Nd5 Be7 5. b3 Be6 6. c4 Nxe4 7. Bd3 Nf6 8. g4
Nxd5 9. cxd5 Bxd5 10. g5 Bxg5 11. Rg1 Bf6 12. h4 e4 13. Bc4 Bxc4 14. Rg4 Bxa1
15. Rxe4+ Be6 16. Nd4 Bxd4 17. Rxd4 Nc6 18. Rg4 Bxg4 19. Qxg4 O-O 20. Ba3 Ne5
21. Qb4 Nd3+ 22. Ke2 Nc5 23. Qxb7 Qe7+ 24. Kf3 Nxb7 25. d4 Qxh4 26. Bc1 Qf6+ 27.
Bf4 Qxd4 28. Be3 Qb2 29. a4 Qxb3 30. Ke4 Qb4+ 31. Bd4 c5 32. f4 Qxd4+ 33. Kf5
Qxa4 34. Kg5 Rfe8 35. f5 Re4 36. f6 Rg4+ 37. Kf5 Qf4# 0-1

[Event "Let's Play Chess!"]
[Site "http://www.queenalice.com/game.php?id=93560"]
[Date "2006.8.7"]
[Round "-"]
[White "lucasalex"]
[Black "fabianomiranda77"]
[Result "1-0"]
[WhiteElo "1569"]
[BlackElo "1507"]

1. d4 d5 2. c4 Qd6 3. c5 Qa6 4. e3 b5 5. Nc3 Bf5 6. Bxb5+ Kd8 7. Bxa6 Nxa6 8.
Qf3 g6 9. Qxd5+ Ke8 10. Qxa8+ Kd7 11. Qd5+ Ke8 12. e4 Be6 13. Qb7 Bc4 14. Qc8#
1-0

[Event "Iniciante avançado"]
[Site "http://www.queenalice.com/game.php?id=93575"]
[Date "2006.8.7"]
[Round "-"]
[White "fabianomiranda77"]
[Black "BVA"]
[Result "0-1"]
[WhiteElo "1473"]
[BlackElo "1570"]

1. e4 e5 2. d3 Nf6 3. Nf3 Nc6 4. Nc3 Bb4 5. Nxe5 Nxe5 6. a3 Bxc3+ 7. bxc3 O-O 8.
Bf4 d6 9. d4 Ng6 10. Be3 Nxe4 11. f3 Nxc3 12. Qd3 Nd5 13. Bd2 Re8+ 14. Kd1 c5
15. dxc5 dxc5 16. Qb5 b6 17. Qc6 Bf5 18. Bd3 Bxd3 19. cxd3 Ne3+ 20. Bxe3 Qxd3+
21. Bd2 Rad8 22. Re1 Qxd2# 0-1

[Event "Challenge"]
[Site "http://www.queenalice.com/game.php?id=99033"]
[Date "2006.8.24"]
[Round "-"]
[White "pierj"]
[Black "fabianomiranda77"]
[Result "1-0"]
[WhiteElo "1361"]
[BlackElo "1403"]

1. e4 e5 2. Nf3 Nc6 3. d4 exd4 4. Bc4 Bb4+ 5. c3 dxc3 6. bxc3 Bxc3+ 7. Nxc3 Na5
8. Bb3 Nxb3 9. Qxb3 Qf6 10. O-O b6 11. Nd5 Qxa1 12. Nxc7+ Kd8 13. Nxa8 Bb7 14.
Bg5+ f6 15. Rxa1 fxg5 16. Nxb6 axb6 17. Qxb6+ Kc8 18. Rc1+ Kb8 19. Qc7+ Ka7 20.
Rc3 Ka6 21. Ra3+ Kb5 22. Nd4+ Kb4 23. Qa5+ Kc4 24. Qe5 Nf6 25. Ra4+ Kd3 26. Qb5+
Kxe4 27. f3+ Ke3 28. Qxb7 Ne4 29. Qxe4+ Kd2 30. Ra3 Rc8 31. Qe2+ Kc1 32. Rb3 Rc4
33. Qxc4+ Kd2 34. Qe2+ Kc1 35. Qc2# 1-0

[Event "da da da"]
[Site "http://www.queenalice.com/game.php?id=102840"]
[Date "2006.9.5"]
[Round "-"]
[White "fabianomiranda77"]
[Black "Meckerkopp"]
[Result "0-1"]
[WhiteElo "1414"]
[BlackElo "1487"]

1. e4 e5 2. d3 Nc6 3. Nc3 Bb4 4. Qg4 g6 5. a3 Bxc3+ 6. bxc3 d6 7. Bg5 Bxg4 8.
Bxd8 Rxd8 9. f3 Be6 10. Rb1 b6 11. Nh3 Bxh3 12. gxh3 Nf6 13. d4 O-O 14. Bb5 Na5
15. dxe5 dxe5 16. Rd1 Rxd1+ 17. Kxd1 Nh5 18. Rg1 c6 19. Bxc6 Nxc6 20. a4 Nf4 21.
Rg5 Nxh3 22. Rf5 gxf5 23. exf5 f6 24. c4 Nd4 25. Kd2 Nxf3+ 26. Ke3 Nhg5 27. Kd3
Nxh2 28. a5 bxa5 29. c5 Rd8+ 30. Kc4 Ne4 31. Kb5 Rc8 32. c6 a4 33. Ka6 Rxc6+ 34.
Kxa7 Nc5 35. Kb8 a3 36. Ka8 a2 37. Kb8 a1=Q 38. c4 Qb1+ 0-1